[Event "Buenos Aire Argentino CC"]
[Site "Buenos Aires"]
[Date "2013.06.13"]
[Round "1.9"]
[White "Tanner, Pedro"]
[Black "Covelli, Luis Alberto"]
[Result "1-0"]
[WhiteElo "1972"]
[BlackElo "1810"]
[PlyCount "61"]
[EventDate "2013.06.13"]
[EventType "swiss"]
[EventRounds "9"]
[EventCountry "ARG"]
[SourceTitle "EXT 2024"]
[Source "ChessBase"]
[SourceDate "2023.10.10"]
[SourceVersion "1"]
[SourceVersionDate "2023.10.10"]
[SourceQuality "1"]

1. e4 e5 2. f4 d6 3. Nf3 Nc6 4. Bc4 h6 5. c3 Nf6 6. Qe2 Na5 7. fxe5 Nxc4 8. Qxc4 d5 9. exd5 Nxd5 10. d4 c6 11. Bd2 Be7 12. Na3 Be6 13. Qd3 Bxa3 14. bxa3 Qd7 15. 0-0 0-0 16. h3 Bf5 17. Qe2 Rae8 18. g4 Bg6 19. Nh4 Bh7 20. Nf5 Re6 21. c4 Nf6 22. Qf3 Ne8 23. Be3 Nc7 24. Rad1 Rg6 25. Bf4 Re8 26. Nd6 Ne6 27. Nxe8 Qxe8 28. Kh2 Ng5 29. Qe2 Ne6 30. h4 Nxf4 31. Rxf4 1-0

[Event "Buenos Aires op"]
[Site "Buenos Aires"]
[Date "2011.11.23"]
[Round "5"]
[White "Bourgeois, William"]
[Black "Covelli, Luis Alberto"]
[Result "0-1"]
[WhiteElo "1952"]
[BlackElo "1536"]
[PlyCount "84"]
[EventDate "2011.11.11"]
[EventType "swiss"]
[EventRounds "9"]
[EventCountry "ARG"]
[SourceTitle "CBM 145 Extra"]
[Source "ChessBase"]
[SourceDate "2012.01.03"]
[SourceVersion "1"]
[SourceVersionDate "2012.01.03"]
[SourceQuality "1"]

1. d4 d5 2. c4 Nf6 3. cxd5 Nxd5 4. e4 Nf6 5. Nc3 a6 6. Nf3 Bg4 7. Be2 g6 8. Qb3 Bc8 9. Be3 Bg7 10. 0-0-0 0-0 11. h3 b5 12. e5 Ne8 13. Qd5 Qxd5 14. Nxd5 Nc6 15. Bg5 f6 16. exf6 exf6 17. Bd2 Be6 18. Nb4 Nxb4 19. Bxb4 Rf7 20. Kb1 Bd5 21. Rhe1 c6 22. g4 Bf8 23. Bxf8 Rxf8 24. Nd2 Nd6 25. Bf3 Nc4 26. Bxd5+ cxd5 27. Nb3 Rfe8 28. Kc2 Kf7 29. Nc5 Rac8 30. b3 Nd6 31. Kd3 a5 32. a3 b4 33. a4 Ne4 34. Nxe4 dxe4+ 35. Kd2 Rcd8 36. Ke3 Rc8 37. Rc1 f5 38. gxf5 gxf5 39. Rc5 Rxc5 40. dxc5 Rd8 41. Rc1 Rd3+ 42. Kf4 Kf6 0-1

[Event "Buenos Aires op"]
[Site "Buenos Aires"]
[Date "2011.11.17"]
[Round "2"]
[White "Alvarez, Alberto Elias"]
[Black "Covelli, Luis Alberto"]
[Result "1-0"]
[WhiteElo "1989"]
[BlackElo "1536"]
[PlyCount "45"]
[EventDate "2011.11.11"]
[EventType "swiss"]
[EventRounds "9"]
[EventCountry "ARG"]
[SourceTitle "CBM 145 Extra"]
[Source "ChessBase"]
[SourceDate "2012.01.03"]
[SourceVersion "1"]
[SourceVersionDate "2012.01.03"]
[SourceQuality "1"]

1. e4 e5 2. Nf3 Nc6 3. Nc3 Bc5 4. Nxe5 Nxe5 5. d4 Bb4 6. dxe5 Ne7 7. f4 Ng6 8. Be3 0-0 9. Qd2 c6 10. a3 Ba5 11. Be2 Kh8 12. 0-0-0 b5 13. Bc5 Re8 14. h4 Bb6 15. Bd6 Bc7 16. h5 Nf8 17. h6 g6 18. Bg4 Ne6 19. f5 gxf5 20. exf5 Bxd6 21. exd6 Qg5 22. fxe6 Qxg4 23. exf7 1-0

[Event "Buenos Aires Bolivar op 4th"]
[Site "Buenos Aires"]
[Date "2011.06.20"]
[Round "6"]
[White "Covelli, Luis Alberto"]
[Black "Cardozo, Diego"]
[Result "0-1"]
[WhiteElo "1533"]
[BlackElo "1768"]
[PlyCount "60"]
[EventDate "2011.06.13"]
[EventType "swiss"]
[EventRounds "9"]
[EventCountry "ARG"]
[SourceTitle "EXT 2014"]
[Source "ChessBase"]
[SourceDate "2013.11.20"]
[SourceVersion "1"]
[SourceVersionDate "2013.11.20"]
[SourceQuality "1"]

1. e4 e5 2. Nf3 Nc6 3. Bc4 Nf6 4. 0-0 Bc5 5. c3 d6 6. h3 Nxe4 7. d4 Bb6 8. Qb3 Na5 9. Qc2 Nxc4 10. Qxe4 d5 11. Qe2 e4 12. b3 Nd6 13. Nh2 Bd7 14. Be3 Bb5 15. Qg4 Bxf1 16. Qxg7 Kd7 17. Nxf1 Rg8 18. Qe5 c6 19. Qh5 Qf6 20. Qe2 Nf5 21. Nh2 Qh4 22. Ng4 h5 23. Ne5+ Kc7 24. Kf1 f6 25. Nf7 Rg7 26. Nh6 Nxe3+ 27. Qxe3 Qg5 28. Qg3+ Qxg3 29. fxg3 Rxg3 30. Nf5 Rd3 0-1